02166nam a2200337 i 4500003000400000005001700004007000300021008004100024020001800065040003400083041000800117043001200125082001300137100005100150245005200201264004400253300003900297336002700336337003300363338002800396490001500424500089100439505016901330521005301499545005501552586006201607650004301669650004501712650003201757650003901789OSt20210917161341.0ta210719s20142021ck jr 000 jdspa d a9789585454682 aCO-BoRNBPbspacCO-BqBPBerda0 aspa as-ck--- aACbGARt1 aGarcía Márquez, Gabriel,d1927-2014eautor10aTodos los cuentos /cGabriel García Márquez 1aBogotá :bPenguin Random House;c2020 a509 páginasc19 cmbTapa Rustica atextobtxt2rdacontent asin mediaciónbn2rdamedia avolumenbnc2rdacarrier aDebolsillo aTODOS LOS CUENTOS (GABRIEL GARCÍA MÁRQUEZ) Este volumen reúne todos los cuentos del Premio Nobel de Literatura Gabriel García Márquez. El lector encontrará sus relatos tempranos recogidos bajo el título Ojos de perro azul, en elque se incluye «Monólogo de Isabel viendo llover en Macondo», célebre texto que puso los cimientos del gigantesco edificio que acabaría siendo el espacio literario más poderoso de las letras universales de nuestro tiempo: Macondo. De esta etapa, en plena madurez del autor, son sus siguientes libros de cuentos: Los funerales de la Mamá Grande y La increíble y triste historia de la cándida Eréndira y de su abuela desalmada. Los relatos más recientes, los de Doce cuentos peregrinos, trasladan el escenario a la vieja Europa para hablarnos de la suerte de los latinoamericanos emigrados, de su melancolía y su tenacidad.00tOjos de perro azultLos funerales de la Mamá GrandetLa increíble y triste historia de la Cándida Eréndira y de su abuela desalmadatDoce cuentos peregrinos aRecomendado para un público mayor de 15 años aIncluye datos biográficos del autor en la solapa aAutor galardonado con el Premio Nobel de Literatura, 198217aCuentos colombianos ySiglo XX2ARMARC17aLiteratura colombiana ySiglo XX2ARMARC17aAutores colombianos2ARMARC17aRealismo mágicovCuentos2ARMARC